jak dobrze znasz mario - Statystyki

Ogólne statystyki
  • Ten quiz został rozwiązany 316 razy
    310 od ostatniego zresetowania
  • Średni wynik to 8 z 29
Statystyki odpowiedzi
Hint Odpowiedź % Poprawnych
jest głównym bohaterem mario
98%
jest jego bratem luigi
93%
ratuje sie ja peach
67%
glowny zly bowser
62%
mario na nim jezdzi yoshi
57%
straznik peach toad
54%
tata diddy konga donkey kong
47%
syn donkey konga diddy kong
45%
zly brat maria wario
43%
ksiezniczka w mario galaxy rosalina
41%
syn bowsera bowser jr
35%
zly brat luigiego waluigi
33%
ukochana luigiego daisy
27%
czarownica kamek
22%
krol boo king boo
19%
ukochana toada toadette
19%
ukochana yoshiego birdo
12%
strazniczki rosaliny lumy
7%
miala byc zamiast peach pauline
5%
profesor w luigi mensios egadd
3%
dziadek toada Toadsworth
3%
jak sie nazywa pierwszy syn bowsera ktory zostal stworzony lemmy
2%
kto jest w mario 3d world zamiast wendy pom pom
2%
ostatni boss w super mario bros 2 wart
2%
kto mial byc zamiast dzieci bowsera koopa kid
1%
pomocnik ckackletty fawful
0%
dobra kamek kammy koopa
0%
jak sie nazywa mama pirani petey pirania
0%
ostatni boss w super mario land tatanga
0%
Nie znaleziono quizów pasujących do podanych kryteriów
Rozkład punktacji
Procent ludzi z każdym wynikiem
Percentyl według liczby udzielonych odpowiedzi
Twoja historia wyników
Nie rozwiązałeś tego quizu od ostatniego zresetowania